00803nam a2200301Ia 4500008004100000020001900041100002200060245003400082245002200116260001500138260002000153260000900173300001700182300003300199300001100232440002400243440001100267500003300278650001500311650001300326650002600339650004900365650001300414650002200427650002200449650002200471700000800493160803s9999 xx 000 0 und d a978-0439023122 aStilton, Geronimo 4aThe mysterious cheese thief / cGeronimo Stilton. aNew York : bScholastic Inc. c2005 a111 pages :  bcolor illustrations, maps ;  c20 cm. aGeronimo Stilton ;  vbk. 31 aTranslated from the Italian. aCheese --  aMice --  aStilton, Geronimo --  aStilton, Geronimo (Fictitious character) --  xFiction. xJuvenile fiction. xJuvenile fiction. xJuvenile fiction. a540